| 000 | 00968nas a2200265 4500 | ||
|---|---|---|---|
| 001 | BR8100406 | ||
| 003 | BR-BrBNA | ||
| 005 | 20231205084508.0 | ||
| 007 | ta | ||
| 008 | 230509b bl.|||p| |||| 00| 00por d | ||
| 040 |
_aBR-BrBNA _bpor _cBiblioteca Nacional de Agricultura |
||
| 041 | _a(Pt) | ||
| 072 | _aF50; K50 | ||
| 100 | 1 | _aPaula, J.E. de | |
| 100 | 1 | _aAlves, J.L. de H. | |
| 245 | 1 | _aEstudo das estruturas anatomicas e de algumas propriedades fisicas da madeira de 14 especies ocorrentes em areas de caatinga [Brasil] | |
| 246 | 1 | _aStudy on the anatomic structures and some physical properties of 14 species of woods occurring in "caatinga" vegetation area [Brazil]] | |
| 650 | _aEstrutura vegetal | ||
| 650 | _aIndustria florestal | ||
| 650 | _aMadeira | ||
| 650 | _aCaatinga | ||
| 773 | 0 |
_tBrasil Florestal (Brazil) _xISSN 0045-270X _g(Jul 1980), v. 10(43) p. 47-58 _wBR8100406 |
|
| 909 |
_a202311 _bLúcia _c55 _dLúcia Elande |
||
| 942 |
_2AGRIS _n0 _cANA |
||
| 999 |
_c105571 _d105571 |
||